Rothschildové - kariéra finančníků
Životné krédo muža, ktorý sa volal Meyer Amschel Rothschild. Založenie obchodu s brokátom a zmenárne. Založenie vlastnej banky. Predmet obchodnej činnosti Rothschildovej banky. Meyer Amschel Rothschild - "najväčší európsky žralok s modrou krvou". Rozvoj bankovej aktivity. Najvplyvnejšia finančná sk...
Gespeichert in:
| 1. Verfasser: | |
|---|---|
| Format: | Buchkapitel |
| Sprache: | Tschechisch |
| Schlagworte: | |
| Tags: |
Keine Tags, Fügen Sie das erste Tag hinzu!
|
MARC
| LEADER | 00000naa$a2200000$$$4500 | ||
|---|---|---|---|
| 001 | 0012571 | ||
| 005 | 20240325075717.3 | ||
| 041 | 0 | |a cze | |
| 044 | |a CZ | ||
| 245 | 1 | 0 | |a Rothschildové - kariéra finančníků |c Ivan Brož |
| 520 | |a Životné krédo muža, ktorý sa volal Meyer Amschel Rothschild. Založenie obchodu s brokátom a zmenárne. Založenie vlastnej banky. Predmet obchodnej činnosti Rothschildovej banky. Meyer Amschel Rothschild - "najväčší európsky žralok s modrou krvou". Rozvoj bankovej aktivity. Najvplyvnejšia finančná skupina svetového kapitálu. Priateľstvo medzi Salomonom Rothschildom a Metternichom. Proces diverzifikácie. Výstavba železníc. Zavedenie penzijného systému. Vplyv na hospodársky život. | ||
| 610 | 2 | 0 | |a podnikanie |
| 610 | 2 | 0 | |a podnikanie rodinné |
| 610 | 2 | 0 | |a bankovníctvo |
| 610 | 2 | 0 | |a banky |
| 610 | 2 | 0 | |a poisťovne |
| 610 | 2 | 0 | |a diverzifikácia |
| 610 | 2 | 0 | |a doprava železničná |
| 610 | 2 | 0 | |a životopisy |
| 610 | 2 | 0 | |a Rothschild, M. A. |
| 100 | 1 | |a Brož, Ivan | |